Histoire général de l'Afrique VII : (Record no. 130806)

MARC details
000 -CABECERA
campo de control de longitud fija 00674nam a2200205 a 4500
005 - FECHA Y HORA DE LA ÚLTIMA TRANSACCIÓN
campo de control 20210219160112.0
008 - ELEMENTOS DE LONGITUD FIJA--INFORMACIÓN GENERAL
campo de control de longitud fija 080801s1987 mx r 000 0 spa d
020 ## - NÚMERO INTERNACIONAL NORMALIZADO PARA LIBROS
Número Internacional Estándar del Libro 923201713X
035 ## - NÚMERO DE CONTROL DEL SISTEMA
Número de control de sistema UPN01000158692
049 ## - COLECCIÓN
Colección UNE
080 ## - NÚMERO DE CLASIFICACIÓN DECIMAL UNIVERSAL
Número de la Clasificación Decimal Universal 960=40 "1880- 1935" HIS Vol.7.
245 00 - MENCIÓN DE TÍTULO
Título Histoire général de l'Afrique VII :
Resto del título l'Afrique sous domination coloniale 1880-1935 /
Mención de responsabilidad, etc. Directeur de volume A. Adu Boahen.
260 ## - PUBLICACIÓN, DISTRIBUCIÓN, ETC.
Lugar de publicación, distribución, etc. París :
Nombre del editor, distribuidor, etc. UNESCO :
-- Nouvelles Editions Africaines
Fecha de publicación, distribución, etc. 1987.
300 ## - DESCRIPCIÓN FÍSICA
Extensión 937 p. : map., rets.
690 ## - PUNTO DE ACCESO ADICIONAL DE MATERIA LOCAL--TÉRMINO DE MATERIA (OCLC, RLIN)
Término de materia o nombre geográfico como elemento inicial Historia africana
690 ## - PUNTO DE ACCESO ADICIONAL DE MATERIA LOCAL--TÉRMINO DE MATERIA (OCLC, RLIN)
Término de materia o nombre geográfico como elemento inicial Colonialismo - Africa
700 1# - ASIENTO SECUNDARIO--NOMBRE DE PERSONAL
Nombre de persona Boahen, Adu Albert,
Término indicativo de función/relación comp.
710 2# - ASIENTO SECUNDARIO - NOMBRE CORPORATIVO
Nombre de entidad corporativa o nombre de jurisdicción como elemento de entrada UNESCO
905 ## - TIPO DE MATERIAL
Tipo de material UNESCO

No items available.